| 000 | 01394nam a2200241Ia 4500 | ||
|---|---|---|---|
| 003 | Ost | ||
| 005 | 20260507074937.0 | ||
| 008 | 260507s9999||||xx |||||||||||||| ||und|| | ||
| 040 | _cfsecg | ||
| 041 | _aara | ||
| 082 | _a338.514 | ||
| 100 |
_aدياب، محمد _eمؤلف |
||
| 245 | 0 |
_aدراسات الجدوى الاقتصادية والاجتماعية للمشاريع / _c محمد دياب |
|
| 260 |
_aبيروت: _bدار المناهل اللبناني, _c2007 |
||
| 300 |
_a279 صفحة؛ _bإيضاحات ؛ _c24 سم |
||
| 504 | _aبيبليوغرافيا ص.277 | ||
| 520 | _aيحتوي هذا الكتاب على مايلي الاستثمار طبيعته أهميته وأهدافه، دراسة الجدوى الاقتصادية للمشاريع، الدراسة القانونية، الدراسة التسويقية، دراسة الجدوى الفنية، مصادر التمويل، معيير تقييم المشاريع، معيار القيمة الحالية الصافية، معيار معدل العائد الداخلي، تقييم معياري القيمة الحالية الصافية، معيار فترة الاسترداد/معيار معدل العائد المحاسبي | ||
| 653 | _aاتخاذ القرار | ||
| 653 | _aإدارة أعمال | ||
| 653 | _aالمشروعات | ||
| 653 | _aدراسات الجدوى | ||
| 942 | _cكتاب | ||
| 999 |
_c41899 _d41899 |
||